<?xml version="1.0" encoding="UTF-8"?><?xml-stylesheet type="text/xsl" href="static/style.xsl"?><OAI-PMH xmlns="http://www.openarchives.org/OAI/2.0/" xmlns:xsi="http://www.w3.org/2001/XMLSchema-instance" xsi:schemaLocation="http://www.openarchives.org/OAI/2.0/ http://www.openarchives.org/OAI/2.0/OAI-PMH.xsd"><responseDate>2026-06-02T16:18:19Z</responseDate><request verb="GetRecord" identifier="oai:riuma.uma.es:10630/41293" metadataPrefix="marc">https://riuma.uma.es/rest/oai/request</request><GetRecord><record><header><identifier>oai:riuma.uma.es:10630/41293</identifier><datestamp>2026-02-03T11:31:20Z</datestamp><setSpec>com_10630_2254</setSpec><setSpec>col_10630_37953</setSpec></header><metadata><record xmlns="http://www.loc.gov/MARC21/slim" xmlns:dcterms="http://purl.org/dc/terms/" xmlns:doc="http://www.lyncode.com/xoai" xmlns:xsi="http://www.w3.org/2001/XMLSchema-instance" xsi:schemaLocation="http://www.loc.gov/MARC21/slim http://www.loc.gov/standards/marcxml/schema/MARC21slim.xsd">
   <leader>00925njm 22002777a 4500</leader>
   <datafield ind2=" " ind1=" " tag="042">
      <subfield code="a">dc</subfield>
   </datafield>
   <datafield ind2=" " ind1=" " tag="720">
      <subfield code="a">Salinas-Vázquez, José Ramón</subfield>
      <subfield code="e">author</subfield>
   </datafield>
   <datafield ind2=" " ind1=" " tag="720">
      <subfield code="a">García-Lagos, Francisco</subfield>
      <subfield code="e">author</subfield>
   </datafield>
   <datafield ind2=" " ind1=" " tag="720">
      <subfield code="a">Diaz-De Aguilar, Javier</subfield>
      <subfield code="e">author</subfield>
   </datafield>
   <datafield ind2=" " ind1=" " tag="720">
      <subfield code="a">Joya-Caparrós, Gonzalo</subfield>
      <subfield code="e">author</subfield>
   </datafield>
   <datafield ind2=" " ind1=" " tag="720">
      <subfield code="a">Sandoval-Hernández, Francisco</subfield>
      <subfield code="e">author</subfield>
   </datafield>
   <datafield ind2=" " ind1=" " tag="260">
      <subfield code="c">2020-01-20</subfield>
   </datafield>
   <datafield ind2=" " ind1=" " tag="520">
      <subfield code="a">This work presents the uncertainty analysis of an artificial neural network (ANN)-based method, called multiharmonic ANN fitting method (MANNFM), which is able to obtain, at a metrological level, the spectrum of asynchronously sampled periodical signals. For sinusoidal and harmonic content signals, jitter and quantization noise contributions to uncertainty are considered in order to obtain amplitude and phase uncertainties using Monte Carlo method. The analysis performed identifies also both contributions to uncertainty for different parameters laboratory configurations. The analysis is performed simultaneously with our method and two others: discrete Fourier transform (DFT), for synchronously sampled signals, and multiharmonic sine-fitting method (MSFM), for asynchronously sampled signals, in order to compare them in terms of uncertainty. Regarding asynchronous methods, results show that MANNFM provides the same uncertainties than MSFM, with the advantage of a simpler implementation. Regarding asynchronous and synchronous methods comparison, results for sinusoidal signals show that MANNFM has the same uncertainty as DFT for amplitude and higher uncertainty for phase values; for signals with harmonic content, amplitude conclusions maintain but, regarding phase, both MANNFM and DFT uncertainties become closer as the frequency increases, which implies, in fact, that when synchronous sampling is not possible, spectrum analysis can be performed with asynchronous methods without incurring in uncertainty increases.</subfield>
   </datafield>
   <datafield ind1="8" ind2=" " tag="024">
      <subfield code="a">Salinas, J.R., García-Lagos, F., Diaz de Aguilar, J. et al. Monte Carlo uncertainty analysis of an ANN-based spectral analysis method. Neural Comput &amp; Applic 32, 351–368 (2020). https://doi.org/10.1007/s00521-019-04169-x</subfield>
   </datafield>
   <datafield ind1="8" ind2=" " tag="024">
      <subfield code="a">https://hdl.handle.net/10630/41293</subfield>
   </datafield>
   <datafield ind1="8" ind2=" " tag="024">
      <subfield code="a">10.1007/s00521-019-04169-x</subfield>
   </datafield>
   <datafield tag="653" ind2=" " ind1=" ">
      <subfield code="a">Montecarlo, Método de</subfield>
   </datafield>
   <datafield tag="653" ind2=" " ind1=" ">
      <subfield code="a">Modelos matemáticos</subfield>
   </datafield>
   <datafield tag="653" ind2=" " ind1=" ">
      <subfield code="a">Teoría espectral (Matemáticas)</subfield>
   </datafield>
   <datafield ind2="0" ind1="0" tag="245">
      <subfield code="a">Monte Carlo uncertainty analysis of an ANN-based spectral analysis method.</subfield>
   </datafield>
</record>
</metadata></record></GetRecord></OAI-PMH>